01159 2200229 4500001002100000005001500021035002000036008004100056082001300097090001900110100003000129245013300159260004000292650001400332650002200346650001400368650001600382084001900398300002900417520047200446990001100918INLIS00000000000121720260512073116 a0010-0521001217260512 g 0 dut  a991(913) a991(913) ROO h0 aEYSINGA, P. P. Roorda van1 aHandboek der land- en volkenkunde, geschied-, taal-, aardrijks- en staatkunde van Nederlandsch Indie /cP. P. Roorda van Eysinga aAmsterdam :bL. van Bakkenes,c1841 4aINDONESIA 4aNETHERLANDS INDIE 4aGEOGRAPHY 4aCOLONIALISM a991(913) ROO h a332 p. :bill. ;c23 cm. aBuku rujukan kolonial Belanda terbit tahun 1841 yang memuat pembahasan mengenai kondisi Hindia Belanda dari aspek etnografi, sejarah, bahasa, geografi, dan pemerintahan. Buku ini disusun sebagai pedoman pengetahuan bagi pejabat dan kalangan terpelajar Belanda untuk memahami wilayah Nusantara pada abad ke-19. Isinya menggambarkan keragaman suku bangsa, kondisi alam, struktur administrasi kolonial, serta perkembangan sejarah dan bahasa di berbagai daerah Indonesia. aB00442